000 01201nam0a22003131 4500
001 rc\3390826
005 20260406090237.0
021 _aRU
_b[73-13663]
035 _a(NLR Aleph) 007538515
090 _a9743416
_c9743416
100 _a20130115d1973 |||y0rusy50 ca
101 0 _arus
102 _aRU
105 _ay z |||||
200 1 _aЛенинские принципы нравственного воспитания личности
210 _aМосква
_cЗнание
_d1973
215 _a64 с.
_d20
225 1 _aНовое в жизни, науке, технике
_iСерия "Этика"
_v2
300 _aПеред загл. авт.: С.Ф. Анисимов, д-р филос. наук
320 _aСписок лит.: с. 62-63
606 _aНравственное воспитание
_2psbo
606 _aЭтика марксистско-ленинская
_2psbo
700 1 _4070
_7ca
_8rus
_aАнисимов
_bС. Ф.
_cд-р филос. наук
_f1922-2005
_gСергей Федорович
_3RU\NLR\AUTH\770280788
_92652755
801 0 _aRU
_bNLR
_gpsbo
801 1 _aRU
_bELAR
_2rusmarc
852 _aNLR
_j73-4/688
942 _cBOOK
980 _aNB